Responses for Show #6323 - Wednesday, February 29, 2012

Contestants

[<< previous game]

Michael McCall, a political consultant from Pompano Beach, Florida

Sarah Edwards, an attorney from Oakland, California

Patrick Morrison, a student of Slavic studies from Northville, Michigan (whose 1-day cash winnings total $29,601)

[next game >>]

Jeopardy! Round responses

ABOLITIONISTS
HERE COMES THE WEDDING MOVIE
GOING DUTCH
COLLEGE TOWNS
(Alex: We want you to name the town where you find the main campus.)
HAI KARATE!
SCIENCE "L"AB
    $200 6
John Brown

Patrick
    $200 9
Bridesmaids

Michael
    $200 23
pinky

Michael
    $200 1
(Patrick: What is Philadelphia?)

Pittsburgh

PatrickSarah
    $200 21
hand

Michael
    $200 13
lactation

Sarah
    $400 7
St. Louis

Patrick
    $400 10
(Patrick: What is [*]: The Movie?)

Sex and the City

Patrick
    $400 27
(Patrick: What is Manhattan?)

Brooklyn

Patrick
Triple Stumper
    $400 2
(Michael: What is Houston?)

Dallas

PatrickMichael
    $400 22
bow

Patrick
    $400 16
lice

Patrick
    $600 8
(Patrick: Who are the Shakers?)

the Quakers

PatrickSarah
    $1,200 11
(Alex: Steve Martin played the father in the remake, I believe.)

Father of the Bride

Patrick
    $600 28
a cucumber

Sarah
    $600 3
Chicago

Patrick
    $600 24
the head

Michael
    $600 18
luster/lustre

Patrick
    $800 15
Frederick Douglass

Michael
    $800 12
Wedding Crashers

Michael
    $800 29
foist

Triple Stumper
    $800 4
Stillwater

Patrick
    $800 25
gi

Triple Stumper
    $800 19
laudanum

Michael
    $1000 17
Nat Turner

Patrick
    $1000 14
27 Dresses

Patrick
    $1000 30
excise

Patrick
    $1000 5
Moscow

Patrick
    $1000 26
Okinawa

Michael
    $1000 20
launch window

Michael

Scores at the first commercial break (after clue 15):

Patrick Sarah Michael
$5,200 $1,000 $1,400

Scores at the end of the Jeopardy! Round:

Patrick Sarah Michael
$8,200 $1,600 $5,200

Double Jeopardy! Round responses

WHO'S YOUR MYTHOLOGICAL DADDY?
COFFEE KLATCH
THE MIDDLE EAST
A BOOKISH CATEGORY
ROBBING PETER
(Alex: Each correct response will contain the letters of "Peter" minus one of those letters.)
TO PAY PAUL
    $400 11
Odin

Michael
    $400 26
(Alex: Yes, with less than a minute to go now.)

whiskey

Michael
    $400 6
the Sinai

Patrick
    $400 1
The Little Prince

Patrick
    $400 16
a pterodactyl

Michael
    $400 21
David Letterman

Michael
    $800 12
Zeus

Patrick
    $800 28
espresso

Michael
    $800 7
Morocco

Triple Stumper
    $800 2
The Color Purple

Patrick
    $800 17
the Eternal City

Sarah
    $800 23
(Michael: What are the Beatles?)

Wings

PatrickMichael
    $1200 13
(Michael: Who is Ra?)

Osiris

Michael
Triple Stumper
    $3,000 29
(Michael: What is a... press?)

demitasse

Michael
    $1200 8
(Sarah: What is Dubai?)

Bahrain

PatrickSarah
    $1200 3
The Graduate

Patrick
    $1200 18
to compete

Triple Stumper
    $1200 24
U2

Patrick
    $1600 14
(Patrick: Who is Jupiter?)

Mars

Patrick
Triple Stumper
    $1600 30
(Michael: What is Kahlua?)

a mocha

SarahMichael
    $1600 9
(Patrick: What is Qatar?)
(Michael: What is Algeria?)

Lebanon

PatrickMichael
Triple Stumper
    $1600 4
George R. R. Martin

Michael
    $1600 19
peers

Patrick
    $1600 22
Kiss

Patrick
    $2000 15
Poseidon

Patrick
    $2000 27
Turkish coffee

Sarah
    $2000 10
Al Anbar

Triple Stumper
    $2000 5
The Bell Jar

Patrick
    $2,000 20
(Patrick: What is Painted Rock?)

Petroglyph

Patrick
    $2000 25
the Boston Celtics

Patrick

Scores at the end of the Double Jeopardy! Round:

Patrick Sarah Michael
$19,000 $4,800 $1,000
(lock game)

[wagering suggestions for these scores]

Final Jeopardy! Round responses

THE HISTORY OF CHRISTIANITY
MichaelWhat is excommunicated
$500
SarahWhat is excommunicated?
$1,000
PatrickWhat is excommunicate?
$2,500
excommunicated

Final scores:

Patrick Sarah Michael
$21,500 $5,800 $1,500
2-day champion: $51,101 2nd place: $2,000 3rd place: $1,000

Game dynamics:

Coryat scores:

Patrick Sarah Michael
$20,400 $4,800 $4,000
27 R
(including 1 DD),
6 W
(including 1 DD)
7 R,
1 W
15 R,
6 W
(including 1 DD)

Combined Coryat: $29,200

[game clues] [game scores] [suggest correction]

Game tape date: 2011-11-16
The J! Archive is created by fans, for fans. Scraping, republication, monetization, and malicious use prohibited; this site may use cookies and collect identifying information. See terms. The Jeopardy! game show and all elements thereof, including but not limited to copyright and trademark thereto, are the property of Jeopardy Productions, Inc. and are protected under law. This website is not affiliated with, sponsored by, or operated by Jeopardy Productions, Inc. Join the discussion at JBoard.tv.